| 000 | 00367nam a2200145Ia 4500 | ||
|---|---|---|---|
| 008 | 211109s9999||||xx |||||||||||||| ||und|| | ||
| 082 |
_a944.04 _bCAR-F |
||
| 100 | _aCarlyle, Thomas | ||
| 245 | 0 | _aFrench Revolution | |
| 260 |
_bChapman & Co Ltd _aLondon _c2000 |
||
| 300 | _a360p. | ||
| 630 | _xGeneral Stack | ||
| 650 |
_aWorld History _vFrance _xHistory |
||
| 942 | _cBOOK | ||
| 999 |
_c436 _d436 |
||